Chozjajstvennyje situacii v torgovle

Salvato in:
Dettagli Bibliografici
Autore principale: Adamovič, Oleg Serafimovič
Natura: Libro
Lingua:russo
Pubblicazione: Moskva Ekonomika 1984
Tags: Aggiungi Tag
Nessun Tag, puoi essere il primo ad aggiungerne!!

MARC

LEADER 00000nam a2200000 4500
001 c109689
005 20150325105450.1
041 0 |a rus 
044 |a RU 
245 1 0 |a Chozjajstvennyje situacii v torgovle  |c Oleg Serafimovič Adamovič 
264 1 |a Moskva  |b Ekonomika  |c 1984 
300 |a 109 s. 
100 1 |a Adamovič, Oleg Serafimovič